| 000 | 00415nam a2200169Ia 4500 | ||
|---|---|---|---|
| 008 | 170918s9999 xx 000 0 und d | ||
| 020 | _a9780439841214 | ||
| 050 | _bS857 2004 | ||
| 100 | _aStilton, Geronimo | ||
| 245 | 4 | _aThe mouse island marathon / | |
| 245 | _cby Geronimo Stilton. | ||
| 260 | _bScholastic, | ||
| 260 | _c2004 | ||
| 300 | _a98 pages : | ||
| 300 | _bcolor illustrations ; | ||
| 500 | _a560 | ||
| 999 |
_c343674 _d343674 |
||